[Event "JBLN West 0001 "]
[Site "Germany"]
[Date "2001.05.13"]
[Round "?"]
[White "Losand, Daniel"]
[Black "Wesseloh, Hendrik"]
[Result "0-1"]
[WhiteElo "1184"]
[BlackElo "1472"]
[PlyCount "76"]
[EventDate "2000.??.??"]
[EventType "team"]
[EventRounds "9"]
[EventCountry "GER"]
[SourceTitle "EXT 2003"]
[Source "ChessBase"]
[SourceDate "2002.11.25"]
[SourceVersion "1"]
[SourceVersionDate "2002.11.25"]
[SourceQuality "1"]

1. d4 d6 2. c4 c5 3. Nf3 cxd4 4. Nxd4 Nc6 5. Nxc6 bxc6 6. Nc3 g6 7. Bg5 Bg7 8. Qd2 Nf6 9. Rd1 0-0 10. g3 Bb7 11. Bg2 Qc7 12. 0-0 Rad8 13. h3 Rfe8 14. Qe3 c5 15. f3 d5 16. Bxf6 Bxf6 17. Nb5 Qb6 18. Qc1 dxc4 19. Qxc4 Ba6 20. a4 Bxb5 21. axb5 Bxb2 22. Kh2 Bg7 23. f4 e6 24. Bc6 Rxd1 25. Rxd1 Rb8 26. e3 Bf8 27. Kg2 a6 28. Ra1 axb5 29. Bxb5 Qxb5 30. Qxb5 Rxb5 31. Rc1 Rb8 32. Kf3 Kg7 33. Ke4 f5+ 34. Kf3 Rc8 35. Rc4 Rc7 36. h4 h5 37. Ke2 Ra7 38. Kd3 Ra2 0-1

[Event "JBLN West 0001 "]
[Site "Germany"]
[Date "2000.12.17"]
[Round "?"]
[White "Beckmann, Moritz"]
[Black "Wesseloh, Hendrik"]
[Result "1/2-1/2"]
[WhiteElo "1210"]
[BlackElo "1472"]
[PlyCount "52"]
[EventDate "2000.??.??"]
[EventType "team"]
[EventRounds "9"]
[EventCountry "GER"]
[SourceTitle "EXT 2003"]
[Source "ChessBase"]
[SourceDate "2002.11.25"]
[SourceVersion "1"]
[SourceVersionDate "2002.11.25"]
[SourceQuality "1"]

1. d4 d6 2. e4 Nf6 3. Nc3 g6 4. Nf3 Bg7 5. Be2 0-0 6. 0-0 c5 7. dxc5 dxc5 8. Bg5 Qxd1 9. Raxd1 e6 10. Rd2 a6 11. Re1 Nc6 12. Bf1 b5 13. a3 Ra7 14. Na2 Rd7 15. Rxd7 Nxd7 16. c3 Bb7 17. Nc1 Nde5 18. Nxe5 Nxe5 19. f4 Nd7 20. Bh4 h6 21. Rd1 Nf6 22. e5 Nh7 23. c4 bxc4 24. Bxc4 g5 25. Bg3 Rc8 26. f5 Re8 1/2-1/2

[Event "JBLN West 0001 "]
[Site "Germany"]
[Date "2000.09.24"]
[Round "?"]
[White "Wesseloh, Hendrik"]
[Black "Cordes, Till"]
[Result "0-1"]
[WhiteElo "1472"]
[BlackElo "1458"]
[PlyCount "80"]
[EventDate "2000.??.??"]
[EventType "team"]
[EventRounds "9"]
[EventCountry "GER"]
[SourceTitle "EXT 2003"]
[Source "ChessBase"]
[SourceDate "2002.11.25"]
[SourceVersion "1"]
[SourceVersionDate "2002.11.25"]
[SourceQuality "1"]

1. e4 c5 2. Nf3 d6 3. d4 cxd4 4. Nxd4 Nf6 5. Nc3 g6 6. f4 Bg7 7. Be3 Nc6 8. Bb5 Bd7 9. Qd2 a6 10. Ba4 b5 11. Bb3 b4 12. Nxc6 Bxc6 13. Bd5 Nxd5 14. Nxd5 Bxd5 15. Qxd5 Bxb2 16. Rb1 Bc3+ 17. Kf2 0-0 18. f5 e6 19. Qd3 d5 20. exd5 Qxd5 21. Qxd5 exd5 22. Rhd1 Rfd8 23. fxg6 hxg6 24. Bd4 Rab8 25. Rb3 Rbc8 26. Bxc3 Rxc3 27. Rxc3 bxc3 28. Rd3 d4 29. g4 f5 30. Kf3 Kf7 31. g5 Ke6 32. Kf4 Kd5 33. h4 Re8 34. Rf3 Re4+ 35. Kg3 Ke5 36. Rf2 Re3+ 37. Kg2 d3 38. cxd3 f4 39. d4+ Kf5 40. d5 Rd3 0-1